| 000 | 01005cam a2200217 4500 | ||
|---|---|---|---|
| 001 | WB4006-13 | ||
| 008 | 040212n2004 000 0 eng u | ||
| 035 | _a(Sirsi) u125122 | ||
| 245 | _aElected regional assemblies get new planning power | ||
| 260 | _c2004 | ||
| 490 |
_aODPM News Release _v(2004/0031) 12 February 2004 (2) |
||
| 520 | _aElected regional assemblies are to be given crucial new planning power, so they can direct local authorities to refuse strategic planning applications that are not in the region's best interests. The elected assemblies will take responsibility for producing a Regional Spatial Strategy, designed to draw together plans for housing, planning, transport and waste in the region. http://www.odpm.gov.uk/pns/DisplayPN.cgi?pn_id=200 4_0031 | ||
| 590 | _aWB | ||
| 590 | _aWB | ||
| 650 | _aREGIONAL ASSEMBLIES | ||
| 650 | _aSTRATEGIC PLANNING | ||
| 650 | _aPLANNING APPLICATIONS | ||
| 650 | _aREGIONAL SPATIAL STRATEGIES | ||
| 690 | _aPLANNING | ||
| 942 | _n0 | ||
| 999 |
_c117017 _d117017 |
||